Statistiques concernant Harry Potter: les Fantômes

Cliquez ici pour prendre le quiz!

Statistiques générales

  • Ce quiz a été pris 149 fois
    (68 depuis la dernière actualisation)
  • Le résultat moyen est 11 sur 19

Statistiques - réponses

InformationRéponses% Correct
Fantôme connu (Serpentard)Baron sanglant
95%
Fantôme connu (Gryffondor)Nick-Quasi-sans-tête
95%
Fantôme connue (Serdaigle)Dame Grise
93%
Première apparitionHarry Potter à l'école des sorciers
92%
Dernière apparitionHarry Potter et les Reliques de la Mort
90%
Fantôme connu (Poufsouffle)Moine gras
90%
Fantôme connu (prof)Cuthbert Binns
85%
Matière enseignéeHistoire de la Magie
85%
Fantôme connueMimi Geignarde
73%
Cause de la mortBasilic
61%
Cause de la mortDécapitation
56%
Cause de la mortSuicide
56%
Club de fantôme connuClub des Chasseurs sans tête
39%
Date de mort13 juin 1943
24%
StatutEsprit
17%
Cause de la mortMeutre par le Baron Sanglant
7%
Cause de la mort Décapitation
2%
Cause de la mortS'est endormi dans la salle des profs et s'est réveillé sans son corps
2%
Fantôme connu Sir Patrick Delaney-Podmore
2%

Distribution des résultats

Percentile par nombre de réponses

% des personnes avec chaque résultat

Votre développement - résultats

Vous n’avez pas pris ce quiz depuis la dernière actualisation